ՀՀ Գիտությունների ազգային ակադեմիայի հիմնարար գիտական գրադարան  =   Fundamental Scientific Library of NAS RA

Livy : (Record no. 540194)

MARC details
000 -LEADER
fixed length control field 01795nam a22002777a 4500
005 - DATE AND TIME OF LATEST TRANSACTION
control field 20260402110641.0
008 - FIXED-LENGTH DATA ELEMENTS--GENERAL INFORMATION
fixed length control field 260204m19551963enkb||||r|||| 00| 0deng d
040 ## - CATALOGING SOURCE
Original cataloging agency AM-YEHGA
Transcribing agency AM-YEHGA
041 1# - LANGUAGE CODE
Language code of text/sound track or separate title eng
100 0# - MAIN ENTRY--PERSONAL NAME
Personal name Livy,
Dates associated with a name 59 BC – AD 17
Fuller form of name Titus Livius
245 10 - TITLE STATEMENT
Title Livy :
Remainder of title with an English translation... in fourteen volumes /
Statement of responsibility, etc. Livy; B. O. Foster, Evan T. Sage, Alfred C. Schlesinger, Russel M. Geer, Frank Gardner Moore.
260 ## - PUBLICATION, DISTRIBUTION, ETC.
Place of publication, distribution, etc. Cambridge, Mass.,
Name of publisher, distributor, etc. Harvard University press;
Place of publication, distribution, etc. London,
Name of publisher, distributor, etc. W. Heinemann, ltd.,
Date of publication, distribution, etc. 1955-1963.
300 ## - PHYSICAL DESCRIPTION
Extent volume :
Other physical details folded color maps ;
Dimensions 17 cm.
490 0# - SERIES STATEMENT
Series statement Loeb classical library
500 ## - GENERAL NOTE
General note Vols. 1-5 published by Putnam, 1920-1929 (originally published in London by Heinemann, 1919-1929) Latin and English Vols. 6-8 translated by F.G. Moore, v. 9-11 by E.T. Sage; v. 12 by E.T. Sage and A.C. Schlesinger; v. 13 by A.C. Schlesinger; v. 14 by A.C. Schlesinger, with general index to Livy by R.M. Geer
500 ## - GENERAL NOTE
General note V.1. Books I and II v. 2. Books III and IV v. 3. Books V, VI and VII v. 4. Books VIII-X v. 5. Books XXI-XXII v. 6. Books XXIII-XXV v. 7. Books XXVI-XXVII v. 8. Books XXVIII-XXX v. 9. Books XXXI-XXXIV v. 10. Books XXXV-XXXVII v. 11. Books XXXVIII-XXXIX v. 12. Books XL-XLII v. 13. Books XLIII-XLV v. 14 Summaries, fragments, and obsequens ... with a general index to Livy
505 10 - FORMATTED CONTENTS NOTE
Miscellaneous information Vol. 14 (1959, X, 557, 8 p.) :
Title Summaries, fragments, and obsequens
546 ## - LANGUAGE NOTE
Language note Latin and English on opposite pages
650 14 - SUBJECT ADDED ENTRY--TOPICAL TERM
Topical term or geographic name entry element History of Rome
General subdivision Biography
-- Oratory
700 1# - ADDED ENTRY--PERSONAL NAME
Personal name Foster, B. O.,
Dates associated with a name 1872-1938
Relator term traslator
700 1# - ADDED ENTRY--PERSONAL NAME
Personal name Schlesinger, Alfred Cary,
Dates associated with a name 1900-1993
Relator term translator
700 1# - ADDED ENTRY--PERSONAL NAME
Personal name Sage, Evan T.,
Dates associated with a name 1881-1936
700 1# - ADDED ENTRY--PERSONAL NAME
Personal name Geer, Russel M.,
Dates associated with a name 1894-1984
700 1# - ADDED ENTRY--PERSONAL NAME
Personal name Moore, Frank Gardner,
Dates associated with a name 1865-1955
942 ## - ADDED ENTRY ELEMENTS (KOHA)
Source of classification or shelving scheme Universal Decimal Classification
Koha item type Գրքեր / Books
Suppress in OPAC No
Holdings
Withdrawn status Lost status Source of classification or shelving scheme Damaged status Not for loan Collection Home library Current library Date acquired Serial enumeration / chronology Total checkouts Full call number Barcode Date last seen Price effective from Koha item type Public note
    Universal Decimal Classification     General Fundamental Scientific Library Fundamental Scientific Library 04/02/2026 Vol. 14   И I/1236 FL0702951 04/02/2026 04/02/2026 Գրքեր / Books 30 Days Loan


ՀՀ ԳԱԱ հիմնարար գիտական գրադարան
ՀՀ,Երևան 0019
Մարշալ Բաղրամյան 24/6
հեռախոս:(374-10) 52-47-50
Հետադարձ կապ

All site content, except where otherwise noted, is licensed under a
Creative Commons License